000 00689nam a22002177a 4500
003 UA-OsUOA
001 121370
007 ta
008 20170320b un ||||| |||| 00| 0 ukr d
100 _aЗахарчук-Дуке О.
090 _a81
_bЗ-38
942 _cSA
040 _aUA-OsUOA
_bukr
_cUA-OsUOA
_dUA-OsUOA
245 _aРоль блогів у розвитку культури мовлення майбутніх учителів української мови
300 _aС.6-9
955 _a0
041 _aukr
080 _a81
773 0 _w121369
650 7 _a8 Мовознавство. Художня література. Літературознавство
_2UDC
999 _c407381
_d407381